Southville International School and Colleges
Your cart is empty.
  • Cart
  • Lists
    Public lists Eva Luna New books Lux_list list_1
    Your lists Log in to create your own lists
  • Log in to your account
  • Your cookies
  • Search history
Southville International School and Colleges
  • Advanced search
  • Recent comments
  • Most popular
  • Libraries

Log in to your account

Log in with GOOGLE


If you do not have an external account, but do have a local account, you can still log in:

  1. Home
  2. MARC view: Kozier & Erb's fundamentals of nursing :
Normal view MARC view ISBD view

Kozier & Erb's fundamentals of nursing : (Record no. 365239)

[ view plain ]
MARC details
000 -LEADER
fixed length control field 00638nam a22002057a 4500
003 - CONTROL NUMBER IDENTIFIER
control field 0
005 - DATE AND TIME OF LATEST TRANSACTION
control field 20250211123143.0
008 - FIXED-LENGTH DATA ELEMENTS--GENERAL INFORMATION
fixed length control field 230831b xxu||||| |||| 00| 0 eng d
020 ## - INTERNATIONAL STANDARD BOOK NUMBER
International Standard Book Number 978-981-3137-462
050 ## - LIBRARY OF CONGRESS CALL NUMBER
Classification number RT 41
Item number .B47 2022
100 ## - MAIN ENTRY--PERSONAL NAME
Personal name Berman, Audrey
245 ## - TITLE STATEMENT
Title Kozier & Erb's fundamentals of nursing :
Remainder of title concepts, process, and practice
Statement of responsibility, etc Audrey Breman
250 ## - EDITION STATEMENT
Edition statement Eleventh edition
260 ## - PUBLICATION, DISTRIBUTION, ETC. (IMPRINT)
Place of publication, distribution, etc Singapore
Name of publisher, distributor, etc Pearson Education South Asia Pte Ltd
Date of publication, distribution, etc c2022
300 ## - PHYSICAL DESCRIPTION
Extent 755 pages :
Other physical details b&w, ill. ;
Dimensions 28cm.
500 ## - GENERAL NOTE
General note Nursing.
504 ## - BIBLIOGRAPHY, ETC. NOTE
Bibliography, etc Includes bibliographical references.
650 ## - SUBJECT ADDED ENTRY--TOPICAL TERM
Topical term or geographic name as entry element Nursing.
942 ## - ADDED ENTRY ELEMENTS (KOHA)
Source of classification or shelving scheme Library of Congress Classification
Koha item type Books
Holdings
Withdrawn status Lost status Source of classification or shelving scheme Damaged status Home library Current library Shelving location Date acquired Source of acquisition Total Checkouts Total Renewals Full call number Barcode Date last seen Date checked out Price effective from Koha item type Sub Shelving location
    Library of Congress Classification   College Library College Library Reserve Section 08/31/2023 Library Fund 2 3 RT 41 .B47 2022 C22845 05/07/2024 04/02/2024 08/31/2023 Books  
    Library of Congress Classification   College Library College Library Reserve Section 02/11/2025 Library Fund     RT 41 .B47 2022 C24216 02/11/2025   02/11/2025 Books  

Kozier & Erb's fundamentals of nursing :

APA

Berman A., . (2022). Kozier & Erb's fundamentals of nursing. Singapore: Pearson Education South Asia Pte Ltd.

Chicago

Berman Audrey, . 2022. Kozier & Erb's fundamentals of nursing. Singapore: Pearson Education South Asia Pte Ltd.

Harvard

Berman A., . (2022). Kozier & Erb's fundamentals of nursing. Singapore: Pearson Education South Asia Pte Ltd.

MLA

Berman Audrey, . Kozier & Erb's fundamentals of nursing. Singapore: Pearson Education South Asia Pte Ltd. 2022.

  • Place hold
  • Print
  • Cite
  • Add to your cart (remove)
  • Save record
    BIBTEX Dublin Core MARCXML MARC (non-Unicode/MARC-8) MARC (Unicode/UTF-8) MARC (Unicode/UTF-8, Standard) MODS (XML) RIS
  • More searches
    Search for this title in:
    Other Libraries (WorldCat) Other Databases (Google Scholar) Online Stores (Bookfinder.com) Open Library (openlibrary.org)

Exporting to Dublin Core...

SOUTHVILLE LIBRARY

Southville International School and Colleges Library

1281 Tropical Ave. Cor. Luxembourg St., BF Homes International, Las Pinas City

Tel. No. 8256374 / 252358 Loc. 117/146

Powered by Koha